[Event "GBR-ch71"]
[Site "Brighton"]
[Date "1984.08.04"]
[Round "6"]
[White "Prettejohn, Michael Hugh"]
[Black "O'Hara, Michael J"]
[Result "1/2-1/2"]
[WhiteElo "2145"]
[BlackElo "2215"]
[PlyCount "32"]
[EventDate "1984.07.30"]
[EventType "swiss"]
[EventRounds "11"]
[EventCountry "GBR"]
[SourceTitle "BritBase"]
[Source "John Saunders"]
[SourceDate "2020.09.07"]
[SourceVersion "1"]
[SourceVersionDate "2020.09.07"]
[SourceQuality "2"]

1. e4 e5 2. Bc4 Nf6 3. d3 Bc5 4. Nf3 Nc6 5. O-O d6 6. c3 O-O 7. b4 Bb6 8. a4 a6
9. Bg5 h6 10. Bh4 Be6 11. Ba2 Qe7 12. Nbd2 Bxa2 13. Rxa2 Qe6 14. Nc4 Ba7 15.
Bxf6 Qxf6 16. Ne3 Qe6 1/2-1/2

[Event "GBR-ch71"]
[Site "Brighton"]
[Date "1984.08.04"]
[Round "6"]
[White "Strauss, David J"]
[Black "King, Daniel J"]
[Result "1-0"]
[WhiteElo "2425"]
[BlackElo "2435"]
[PlyCount "52"]
[EventDate "1984.07.30"]
[EventType "swiss"]
[EventRounds "11"]
[EventCountry "GBR"]
[SourceTitle "BritBase"]
[Source "John Saunders"]
[SourceDate "2020.09.07"]
[SourceVersion "1"]
[SourceVersionDate "2020.09.07"]
[SourceQuality "2"]

1. Nf3 d5 2. d4 c5 3. c4 e6 4. cxd5 exd5 5. g3 Nc6 6. Bg2 Nf6 7. O-O Be7 8. Nc3
O-O 9. Bg5 cxd4 10. Nxd4 h6 11. Be3 Re8 12. Rc1 Bf8 13. Nxc6 bxc6 14. Na4 Qa5
15. Rxc6 Bd7 16. Bd2 Qb5 17. Rxf6 gxf6 18. Nc3 Qxb2 19. Nxd5 Rac8 20. Bc3 Rxc3
21. Nxf6+ Kh8 22. Qxd7 Re7 23. Qf5 Kg7 24. Nh5+ Kg8 25. Qg4+ Kh8 26. Nf6 Bg7
1-0

[Event "GBR-ch71"]
[Site "Brighton"]
[Date "1984.08.04"]
[Round "6"]
[White "Thipsay, Praveen Mahadeo"]
[Black "Hebden, Mark L"]
[Result "1-0"]
[WhiteElo "2445"]
[BlackElo "2480"]
[PlyCount "113"]
[EventDate "1984.07.30"]
[EventType "swiss"]
[EventRounds "11"]
[EventCountry "GBR"]
[SourceTitle "BritBase"]
[Source "John Saunders"]
[SourceDate "2020.09.07"]
[SourceVersion "1"]
[SourceVersionDate "2020.09.07"]
[SourceQuality "2"]

1. e4 e5 2. Nf3 Nc6 3. Bb5 a6 4. Ba4 Nf6 5. O-O Be7 6. Re1 b5 7. Bb3 O-O 8. a4
Bb7 9. d3 d6 10. Nc3 Na5 11. Ba2 b4 12. Ne2 c5 13. Ng3 b3 14. Bxb3 Nxb3 15.
cxb3 Re8 16. Nf5 Bf8 17. Bd2 d5 18. Bg5 dxe4 19. Bxf6 Qxf6 20. dxe4 Bxe4 21.
Nxg7 Red8 22. Nh5 Qf5 23. Nd2 Bc6 24. Ng3 Qf4 25. Re3 Qd4 26. Qh5 Qxd2 27. Qg5+
Kh8 28. Qf6+ Bg7 29. Qxc6 Qxb2 30. Rae1 Rab8 31. Qc7 Rf8 32. Qxc5 Rxb3 33. Rxe5
Qa3 34. Nh5 Qxc5 35. Rxc5 Ra3 36. Nxg7 Kxg7 37. Ra5 Rc8 38. Rg5+ Kf6 39. Rg4
Rc5 40. h3 h5 41. Rd4 Kg7 42. Rf4 Rc6 43. Re5 Kg6 44. Rff5 f6 45. Ra5 Rc4 46.
Rxh5 Rcxa4 47. Rxa4 Rxa4 48. g4 a5 49. Kg2 Ra1 50. h4 Ra4 51. Kg3 Ra3+ 52. f3
Ra1 53. Rc5 a4 54. Ra5 a3 55. Kf4 a2 56. Ra7 Kh6 57. Kf5 1-0

[Event "GBR-ch71"]
[Site "Brighton"]
[Date "1984.08.04"]
[Round "6"]
[White "Waddingham, Graham A"]
[Black "James, Stephen C"]
[Result "1/2-1/2"]
[WhiteElo "2215"]
[BlackElo "2140"]
[PlyCount "35"]
[EventDate "1984.07.30"]
[EventType "swiss"]
[EventRounds "11"]
[EventCountry "GBR"]
[SourceTitle "BritBase"]
[Source "John Saunders"]
[SourceDate "2020.09.07"]
[SourceVersion "1"]
[SourceVersionDate "2020.09.07"]
[SourceQuality "2"]

1. e4 d6 2. d4 g6 3. Bc4 Nf6 4. Nc3 Bg7 5. Bb3 Nc6 6. Nge2 O-O 7. a3 a6 8. Bg5
b5 9. f4 Na5 10. Ba2 Nc4 11. Bxc4 bxc4 12. Qd2 Bb7 13. Qe3 Qd7 14. h3 Qc6 15.
d5 Qb6 16. Qxb6 cxb6 17. O-O-O Rfe8 18. Rhe1 1/2-1/2

[Event "GBR-ch71"]
[Site "Brighton"]
[Date "1984.08.06"]
[Round "7"]
[White "Arkell, Keith C"]
[Black "Murshed, Niaz"]
[Result "1-0"]
[WhiteElo "2345"]
[BlackElo "2405"]
[PlyCount "109"]
[EventDate "1984.07.30"]
[EventType "swiss"]
[EventRounds "11"]
[EventCountry "GBR"]
[SourceTitle "BritBase"]
[Source "John Saunders"]
[SourceDate "2020.09.07"]
[SourceVersion "1"]
[SourceVersionDate "2020.09.07"]
[SourceQuality "2"]

1. d4 Nf6 2. Nf3 e6 3. Bf4 c5 4. c3 Nc6 5. e3 d5 6. Nbd2 Bd6 7. Ne5 Qc7 8. Ndf3
Ne4 9. Bd3 f6 10. Nxc6 Bxf4 11. exf4 bxc6 12. g3 cxd4 13. cxd4 Qa5+ 14. Nd2 Rb8
15. Bxe4 dxe4 16. O-O Qd5 17. Nb3 Ba6 18. Re1 Bc4 19. Qc2 f5 20. Rec1 Bxb3 21.
axb3 O-O 22. Qxc6 Qxd4 23. Qxe6+ Kh8 24. Qe5 Qxe5 25. fxe5 Rb7 26. Rc5 g6 27.
b4 Re8 28. b5 Rbe7 29. b4 Kg7 30. Ra6 Rb8 31. Rd6 Rbe8 32. Rdd5 Rb8 33. Kf1
Rbb7 34. Ke2 Kf7 35. Ke3 Rbd7 36. Kd4 Rxd5+ 37. Rxd5 Rc7 38. Rd6 Ke7 39. Ra6
Rd7+ 40. Kc5 Rc7+ 41. Kd5 Rd7+ 42. Kc5 Rc7+ 43. Rc6 Rd7 44. e6 Rd2 45. Ra6 Rxf2
46. Rxa7+ Kxe6 47. b6 Rc2+ 48. Kb5 Rc8 49. b7 Rb8 50. Kc6 g5 51. Ra8 Rxb7 52.
Kxb7 f4 53. gxf4 gxf4 54. Kc6 e3 55. b5 1-0

[Event "GBR-ch71"]
[Site "Brighton"]
[Date "1984.08.06"]
[Round "7"]
[White "Basman, Michael John"]
[Black "King, Daniel J"]
[Result "1/2-1/2"]
[WhiteElo "2390"]
[BlackElo "2435"]
[PlyCount "122"]
[EventDate "1984.07.30"]
[EventType "swiss"]
[EventRounds "11"]
[EventCountry "GBR"]
[SourceTitle "BritBase"]
[Source "John Saunders"]
[SourceDate "2020.09.07"]
[SourceVersion "1"]
[SourceVersionDate "2020.09.07"]
[SourceQuality "2"]

1. g4 d5 2. h3 e5 3. Bg2 c6 4. d4 e4 5. c4 Na6 6. Nc3 Nc7 7. f3 f5 8. cxd5 cxd5
9. Qb3 Bd6 10. Kf1 Ne7 11. g5 Rb8 12. h4 b5 13. Nh3 Bd7 14. Bf4 Bc6 15. e3 Ne6
16. Ne2 Ng6 17. Rc1 Rb6 18. Rxc6 Rxc6 19. Qxd5 Qd7 20. fxe4 Nexf4 21. Nhxf4
Bxf4 22. Qxd7+ Kxd7 23. exf4 Rc2 24. exf5 Ne7 25. f6 gxf6 26. gxf6 Nc6 27. Bh3+
Kd6 28. Rg1 Nb4 29. Rg7 Rc7 30. Nc3 Rxg7 31. Ne4+ Kc6 32. fxg7 Rg8 33. f5 Rxg7
34. f6 Rb7 35. Be6 Nd5 36. f7 Rb8 37. Kf2 Nf4 38. Ng5 h6 39. d5+ Kd6 40. Nh7
Ng6 41. Kg3 Ke5 42. h5 Nf8 43. Nxf8 Rxf8 44. Kf3 Rd8 45. Ke3 Rf8 46. Kd3 a5 47.
Kc3 Rd8 48. a4 bxa4 49. Kc4 Kd6 50. Kb5 Rb8+ 51. Kxa4 Ke7 52. b3 Kf8 53. d6 Rb6
54. d7 Rb8 55. Kxa5 Ke7 56. Bc4 Kxd7 57. b4 Ra8+ 58. Kb6 Ke7 59. b5 Rc8 60. Bd5
Rc1 61. Bb3 Rb1 1/2-1/2

[Event "GBR-ch71"]
[Site "Brighton"]
[Date "1984.08.06"]
[Round "7"]
[White "Bellin, Robert"]
[Black "Hodgson, Julian M"]
[Result "1/2-1/2"]
[WhiteElo "2370"]
[BlackElo "2450"]
[PlyCount "70"]
[EventDate "1984.07.30"]
[EventType "swiss"]
[EventRounds "11"]
[EventCountry "GBR"]
[SourceTitle "BritBase"]
[Source "John Saunders"]
[SourceDate "2020.09.07"]
[SourceVersion "1"]
[SourceVersionDate "2020.09.07"]
[SourceQuality "2"]

1. e4 c6 2. d4 d5 3. exd5 cxd5 4. c4 Nf6 5. Nc3 g6 6. Qb3 Bg7 7. cxd5 O-O 8.
Be2 Nbd7 9. Bf3 Nb6 10. Bf4 e6 11. d6 Nfd5 12. Bg3 Bxd4 13. Nge2 Bc5 14. O-O
Bxd6 15. Rfd1 Bxg3 16. hxg3 Qf6 17. a4 a5 18. Nxd5 Nxd5 19. Bxd5 exd5 20. Nc3
Be6 21. Nxd5 Bxd5 22. Rxd5 Rad8 23. Rb5 Rd2 24. Qf3 Qd4 25. Qf4 Qxf4 26. gxf4
Re8 27. b3 Re4 28. g3 Rb4 29. Rxb4 axb4 30. Rc1 Rb2 31. Rc7 Rxb3 32. Rxb7 Rb1+
33. Kg2 b3 34. a5 Ra1 35. Rxb3 Rxa5 1/2-1/2

[Event "GBR-ch71"]
[Site "Brighton"]
[Date "1984.08.06"]
[Round "7"]
[White "Carr, Neil L"]
[Black "Hartston, William Roland"]
[Result "0-1"]
[WhiteElo "2310"]
[BlackElo "2440"]
[PlyCount "64"]
[EventDate "1984.07.30"]
[EventType "swiss"]
[EventRounds "11"]
[EventCountry "GBR"]
[SourceTitle "BritBase"]
[Source "John Saunders"]
[SourceDate "2020.09.07"]
[SourceVersion "1"]
[SourceVersionDate "2020.09.07"]
[SourceQuality "2"]

1. e4 c5 2. d4 cxd4 3. c3 dxc3 4. Nxc3 Nc6 5. Nf3 e6 6. Bc4 a6 7. O-O Nge7 8.
Bg5 f6 9. Be3 b5 10. Bb3 Na5 11. Bc2 Nc4 12. Bc1 Ng6 13. b3 Nce5 14. Nxe5 fxe5
15. f4 Qc7 16. Ne2 exf4 17. e5 Bc5+ 18. Kh1 Bb7 19. Nxf4 O-O-O 20. Bxg6 hxg6
21. Nxg6 Qc6 22. Qg4 Rh5 23. Be3 Qxg2+ 24. Qxg2 Bxg2+ 25. Kxg2 Bxe3 26. Kf3 Bb6
27. Rac1+ Kb7 28. Ke4 Rxh2 29. Rf7 Rxa2 30. Nf4 Kb8 31. Rxg7 Rd2 32. Rf7 Rc8
0-1

[Event "GBR-ch71"]
[Site "Brighton"]
[Date "1984.08.06"]
[Round "7"]
[White "Crouch, Colin S"]
[Black "Fuller, Keith"]
[Result "0-1"]
[WhiteElo "2360"]
[BlackElo "2175"]
[PlyCount "66"]
[EventDate "1984.07.30"]
[EventType "swiss"]
[EventRounds "11"]
[EventCountry "GBR"]
[SourceTitle "BritBase"]
[Source "John Saunders"]
[SourceDate "2020.09.07"]
[SourceVersion "1"]
[SourceVersionDate "2020.09.07"]
[SourceQuality "2"]

1. d4 Nf6 2. c4 g6 3. Nc3 Bg7 4. e4 d6 5. Be2 O-O 6. Bg5 c5 7. d5 Qa5 8. Bd2 a6
9. Nf3 Bg4 10. O-O Nbd7 11. Ne1 Bxe2 12. Qxe2 e6 13. dxe6 fxe6 14. f4 Qc7 15.
a4 Rae8 16. Nf3 Qc6 17. Rad1 Nh5 18. g3 Bd4+ 19. Nxd4 cxd4 20. Nb1 e5 21. f5
Nhf6 22. Bh6 Rf7 23. Nd2 Nc5 24. Rde1 Kh8 25. Qg2 Qd7 26. b4 Nxa4 27. Nf3 Ng8
28. Ng5 Nxh6 29. Qh3 Ng8 30. f6 Ref8 31. Nxf7+ Qxf7 32. g4 g5 33. Rf5 Qg6 0-1

[Event "GBR-ch71"]
[Site "Brighton"]
[Date "1984.08.06"]
[Round "7"]
[White "Flear, Glenn C"]
[Black "Dawson, Craig R"]
[Result "1-0"]
[WhiteElo "2455"]
[BlackElo "2300"]
[PlyCount "142"]
[EventDate "1984.07.30"]
[EventType "swiss"]
[EventRounds "11"]
[EventCountry "GBR"]
[SourceTitle "BritBase"]
[Source "John Saunders"]
[SourceDate "2020.09.07"]
[SourceVersion "1"]
[SourceVersionDate "2020.09.07"]
[SourceQuality "2"]

1. d4 Nf6 2. c4 e6 3. Nc3 Bb4 4. e3 c5 5. Bd3 Nc6 6. a3 Bxc3+ 7. bxc3 d6 8. Ne2
O-O 9. O-O b6 10. e4 Ne8 11. f4 f5 12. d5 Ne7 13. Ng3 g6 14. Re1 Ng7 15. Ra2
Kh8 16. Rae2 Ng8 17. Qc2 Qh4 18. Qa4 Qd8 19. Qc6 Rb8 20. dxe6 Bxe6 21. exf5
Bxf5 22. Nxf5 gxf5 23. h3 Qc8 24. Qd5 Qb7 25. g4 Nf6 26. Qxb7 Rxb7 27. Re7 Rxe7
28. Rxe7 Re8 29. Rxe8+ Nfxe8 30. gxf5 Nf6 31. Kg2 Nge8 32. Kf3 Kg8 33. Bd2 Kf7
34. Be1 Ng8 35. Bh4 Nef6 36. Be4 Ne7 37. Bd3 Kg7 38. Ke3 Kf7 39. Kd2 h6 40. Ke3
Kg7 41. Kf3 Kf7 42. Be4 Kg7 43. a4 Kf7 44. Ke3 Kg7 45. Bg5 Neg8 46. Bd5 Ne7 47.
Be6 Nc6 48. Bxf6+ Kxf6 49. Ke4 Ne7 50. Kf3 Nc6 51. Kg4 Ne7 52. Kh4 Kg7 53. Kh5
a6 54. Kh4 Nc6 55. Kg4 Ne7 56. Kf3 Kf6 57. Ke4 Kg7 58. Bd5 Kf6 59. Bb7 Nxf5 60.
Kd5 Ne3+ 61. Kc6 Nxc4 62. Bxa6 Nb2 63. Bb5 c4 64. Kxb6 Nd1 65. a5 Nxc3 66. Bxc4
Na4+ 67. Kb5 Nc5 68. Bd3 Nxd3 69. a6 Nxf4 70. a7 Nd5 71. Kc6 Ne7+ 1-0

[Event "GBR-ch71"]
[Site "Brighton"]
[Date "1984.08.06"]
[Round "7"]
[White "Garwell, Jane"]
[Black "Prettejohn, Michael Hugh"]
[Result "1/2-1/2"]
[WhiteElo "2100"]
[BlackElo "2145"]
[PlyCount "45"]
[EventDate "1984.07.30"]
[EventType "swiss"]
[EventRounds "11"]
[EventCountry "GBR"]
[SourceTitle "BritBase"]
[Source "John Saunders"]
[SourceDate "2020.09.07"]
[SourceVersion "1"]
[SourceVersionDate "2020.09.07"]
[SourceQuality "2"]

1. e4 Nf6 2. e5 Nd5 3. d4 d6 4. exd6 cxd6 5. c4 Nf6 6. Nc3 g6 7. Nf3 Bg7 8. Be2
O-O 9. O-O Nc6 10. Be3 d5 11. Rc1 Bg4 12. Ne5 Bxe2 13. Qxe2 Rc8 14. Rfd1 dxc4
15. Nxc6 Rxc6 16. d5 Rc8 17. Bxa7 Qa5 18. Bd4 Rfd8 19. Qf3 Rd7 20. Rc2 Rcd8 21.
Rcd2 Ne8 22. Bxg7 Kxg7 23. Qf4 1/2-1/2

[Event "GBR-ch71"]
[Site "Brighton"]
[Date "1984.08.06"]
[Round "7"]
[White "Giulian, Philip Maurice"]
[Black "Davies, Nigel Rodney"]
[Result "1-0"]
[WhiteElo "2230"]
[BlackElo "2340"]
[PlyCount "73"]
[EventDate "1984.07.30"]
[EventType "swiss"]
[EventRounds "11"]
[EventCountry "GBR"]
[SourceTitle "BritBase"]
[Source "John Saunders"]
[SourceDate "2020.09.07"]
[SourceVersion "1"]
[SourceVersionDate "2020.09.07"]
[SourceQuality "2"]

1. d4 g6 2. e4 Bg7 3. c4 c5 4. d5 d6 5. Nc3 Nf6 6. f4 O-O 7. Nf3 b5 8. cxb5 a6
9. a4 axb5 10. Bxb5 Ba6 11. Bxa6 Nxa6 12. O-O Nb4 13. Nd2 Qa5 14. Nb5 Rfb8 15.
Ra3 Qd8 16. Re3 Na2 17. b3 Nxc1 18. Qxc1 Ng4 19. Rd3 Qa5 20. Nc4 Qd8 21. Qd1
Nf6 22. e5 Ne8 23. Qf3 Ra6 24. f5 dxe5 25. fxg6 f6 26. Nxe5 hxg6 27. Nxg6 c4
28. bxc4 Rxa4 29. Qh5 Rxc4 30. Rh3 Rxb5 31. Ne5 Nd6 32. Qh7+ Kf8 33. Nxc4 Nxc4
34. Rg3 Qxd5 35. Qxg7+ Ke8 36. Qg6+ Kd7 37. Rd3 1-0

[Event "GBR-ch71"]
[Site "Brighton"]
[Date "1984.08.06"]
[Round "7"]
[White "Hawksworth, John C"]
[Black "McNab, Colin Anderson"]
[Result "1/2-1/2"]
[WhiteElo "2340"]
[BlackElo "2370"]
[PlyCount "55"]
[EventDate "1984.07.30"]
[EventType "swiss"]
[EventRounds "11"]
[EventCountry "GBR"]
[SourceTitle "BritBase"]
[Source "John Saunders"]
[SourceDate "2020.09.07"]
[SourceVersion "1"]
[SourceVersionDate "2020.09.07"]
[SourceQuality "2"]

1. d4 d6 2. g3 g6 3. Bg2 Bg7 4. c4 Nf6 5. Nf3 O-O 6. O-O Nbd7 7. Nc3 e5 8. e4
c6 9. b3 exd4 10. Nxd4 Nc5 11. h3 Re8 12. Re1 a5 13. Bf4 Nh5 14. Be3 Nf6 15.
Qc2 Bd7 16. Rad1 Qc8 17. Kh2 Re5 18. Nde2 Rh5 19. Nf4 Rh6 20. Rxd6 g5 21. Bxc5
gxf4 22. h4 b6 23. Ba3 Ng4+ 24. Kg1 fxg3 25. fxg3 Rxd6 26. Bxd6 Bd4+ 27. Kh1
Nf2+ 28. Kh2 1/2-1/2

[Event "GBR-ch71"]
[Site "Brighton"]
[Date "1984.08.06"]
[Round "7"]
[White "Hebden, Mark L"]
[Black "Lawton, Geoffrey W"]
[Result "1/2-1/2"]
[WhiteElo "2480"]
[BlackElo "2385"]
[PlyCount "97"]
[EventDate "1984.07.30"]
[EventType "swiss"]
[EventRounds "11"]
[EventCountry "GBR"]
[SourceTitle "BritBase"]
[Source "John Saunders"]
[SourceDate "2020.09.07"]
[SourceVersion "1"]
[SourceVersionDate "2020.09.07"]
[SourceQuality "2"]

1. e4 c5 2. f4 g6 3. Nf3 Bg7 4. c3 d5 5. e5 Nc6 6. Na3 Nh6 7. Nc2 O-O 8. Be2 d4
9. Bb5 dxc3 10. dxc3 Qc7 11. Ne3 Rd8 12. Qe2 Nf5 13. Bd3 Nxe3 14. Bxe3 b6 15.
Ng5 h6 16. Ne4 f6 17. O-O f5 18. Nf2 e6 19. g4 Ne7 20. h4 fxg4 21. Qxg4 Nf5 22.
Rae1 Rxd3 23. Nxd3 Ba6 24. Nf2 Kh7 25. Ne4 Bxf1 26. Kxf1 Rd8 27. Bf2 Rd5 28. h5
Qf7 29. hxg6+ Qxg6 30. Qxg6+ Kxg6 31. Ke2 Bf8 32. Rg1+ Kf7 33. Ng3 Nxg3+ 34.
Bxg3 c4 35. Bh4 Rb5 36. Rb1 Ra5 37. Ke3 Rd5 38. Ke2 Rd3 39. Rg1 Bc5 40. Bf2
Bxf2 41. Kxf2 Rd2+ 42. Ke3 Rxb2 43. Rh1 Rxa2 44. Rxh6 Rg2 45. Rh8 Rg8 46. Rh7+
Rg7 47. Rh8 Rg8 48. Rh7+ Rg7 49. Rh8 1/2-1/2

[Event "GBR-ch71"]
[Site "Brighton"]
[Date "1984.08.06"]
[Round "7"]
[White "Hjorth, Greg"]
[Black "Strauss, David J"]
[Result "0-1"]
[WhiteElo "2440"]
[BlackElo "2425"]
[PlyCount "64"]
[EventDate "1984.07.30"]
[EventType "swiss"]
[EventRounds "11"]
[EventCountry "GBR"]
[SourceTitle "BritBase"]
[Source "John Saunders"]
[SourceDate "2020.09.07"]
[SourceVersion "1"]
[SourceVersionDate "2020.09.07"]
[SourceQuality "2"]

1. e4 c5 2. b3 b6 3. Bb2 Bb7 4. e5 e6 5. Nf3 Ne7 6. Na3 Nf5 7. Bd3 Nc6 8. Bxf5
exf5 9. O-O Be7 10. d4 cxd4 11. Nb5 O-O 12. Nbxd4 Nxd4 13. Nxd4 Bc5 14. Qh5 Rc8
15. Rad1 Bxd4 16. Rxd4 Rxc2 17. Ba3 Re8 18. Qxf5 Qc8 19. Rg4 Re6 20. Rd1 Rxa2
21. Rc1 Rc6 22. Qg5 g6 23. Ra4 b5 24. Rd4 Rxa3 25. Rcd1 Re6 26. h4 Bc6 27. h5
Qe8 28. h6 Ra2 29. Rd6 f6 30. Qc1 Rxd6 31. exd6 Qe4 32. f3 Rxg2+ 0-1

[Event "GBR-ch71"]
[Site "Brighton"]
[Date "1984.08.06"]
[Round "7"]
[White "Jackson, Sheila"]
[Black "Conquest, Stuart"]
[Result "0-1"]
[WhiteElo "2190"]
[BlackElo "2300"]
[PlyCount "62"]
[EventDate "1984.07.30"]
[EventType "swiss"]
[EventRounds "11"]
[EventCountry "GBR"]
[SourceTitle "BritBase"]
[Source "John Saunders"]
[SourceDate "2020.09.07"]
[SourceVersion "1"]
[SourceVersionDate "2020.09.07"]
[SourceQuality "2"]

1. e4 c5 2. c3 d6 3. d4 Nf6 4. f3 Qc7 5. Be3 g6 6. Qd2 Nc6 7. dxc5 dxc5 8. Bxc5
Bg7 9. Na3 O-O 10. Nb5 Qe5 11. Be3 Rd8 12. Nd4 Qc7 13. Qc1 Nd7 14. Nxc6 bxc6
15. Nh3 Qa5 16. Kf2 Ne5 17. Qc2 Rb8 18. b4 Qc7 19. Nf4 a5 20. a3 f5 21. h3 fxe4
22. fxe4 Rf8 23. Ke1 Bh6 24. g3 g5 25. Qa2+ Kh8 26. Nh5 Nf3+ 27. Kd1 Qe5 28.
Qc4 Be6 29. Qc5 Qxe4 30. Bd4+ Kg8 31. Bg2 Bb3+ 0-1

[Event "GBR-ch71"]
[Site "Brighton"]
[Date "1984.08.06"]
[Round "7"]
[White "James, Stephen C"]
[Black "Baker, Chris W"]
[Result "0-1"]
[WhiteElo "2140"]
[BlackElo "2235"]
[PlyCount "54"]
[EventDate "1984.07.30"]
[EventType "swiss"]
[EventRounds "11"]
[EventCountry "GBR"]
[SourceTitle "BritBase"]
[Source "John Saunders"]
[SourceDate "2020.09.07"]
[SourceVersion "1"]
[SourceVersionDate "2020.09.07"]
[SourceQuality "2"]

1. d4 Nf6 2. c4 e6 3. Nc3 Bb4 4. e3 Nc6 5. Bd3 e5 6. Nge2 d5 7. cxd5 Nxd5 8. a3
Nxc3 9. bxc3 Bd6 10. Qc2 Qh4 11. d5 Nb8 12. Ng3 O-O 13. O-O Na6 14. Bxa6 bxa6
15. c4 f5 16. c5 Be7 17. f4 exf4 18. Rxf4 Qf6 19. Bb2 Qf7 20. e4 Bg5 21. Rxf5
Bxf5 22. Nxf5 Bf6 23. Rf1 Bxb2 24. Nh6+ gxh6 25. Rxf7 Bd4+ 26. Kh1 Rxf7 27. h3
Raf8 0-1

[Event "GBR-ch71"]
[Site "Brighton"]
[Date "1984.08.06"]
[Round "7"]
[White "Levene, Mark"]
[Black "Clarke, Thomas M"]
[Result "0-1"]
[WhiteElo "2205"]
[BlackElo "2080"]
[PlyCount "50"]
[EventDate "1984.07.30"]
[EventType "swiss"]
[EventRounds "11"]
[EventCountry "GBR"]
[SourceTitle "BritBase"]
[Source "John Saunders"]
[SourceDate "2020.09.07"]
[SourceVersion "1"]
[SourceVersionDate "2020.09.07"]
[SourceQuality "2"]

1. e4 e6 2. d3 d5 3. Nd2 Nf6 4. Ngf3 b6 5. g3 Bb7 6. Bg2 Be7 7. O-O O-O 8. e5
Nfd7 9. Re1 c5 10. Nf1 Nc6 11. h4 d4 12. N1h2 Qc7 13. Bf4 Nb4 14. Ng4 Nd5 15.
Bg5 Rae8 16. Qd2 f5 17. exf6 N7xf6 18. Bh3 Bd6 19. Nh6+ gxh6 20. Bxh6 Ne3 21.
fxe3 Bxf3 22. exd4 Bxg3 23. Bxf8 Rxf8 24. Bxe6+ Kh8 25. Rf1 Bf4 0-1

[Event "GBR-ch71"]
[Site "Brighton"]
[Date "1984.08.06"]
[Round "7"]
[White "Levitt, Jonathan"]
[Black "Gallagher, Joseph G"]
[Result "1-0"]
[WhiteElo "2370"]
[BlackElo "2295"]
[PlyCount "149"]
[EventDate "1984.07.30"]
[EventType "swiss"]
[EventRounds "11"]
[EventCountry "GBR"]
[SourceTitle "BritBase"]
[Source "John Saunders"]
[SourceDate "2020.09.07"]
[SourceVersion "1"]
[SourceVersionDate "2020.09.07"]
[SourceQuality "2"]

1. d4 Nf6 2. c4 e6 3. Nc3 c5 4. d5 exd5 5. cxd5 d6 6. Nf3 g6 7. Nd2 Nbd7 8. e4
Bg7 9. Nc4 Nb6 10. Ne3 O-O 11. Bd3 a6 12. O-O Nbd7 13. a4 Rb8 14. a5 b5 15.
axb6 Nxb6 16. Bd2 Re8 17. Qc2 Qe7 18. Rfe1 Nh5 19. Bxa6 Bxa6 20. Rxa6 Nf4 21.
Nf1 Nh5 22. Nd1 Qb7 23. Ra1 f5 24. exf5 Rxe1 25. Bxe1 gxf5 26. Qxf5 Qxd5 27.
Qg4 Nf6 28. Qh3 Re8 29. Nde3 Qh5 30. Qxh5 Nxh5 31. Ra6 Rb8 32. Ba5 Nc8 33. Bc7
Rb7 34. Nd5 Nf6 35. Ra8 Nxd5 36. Rxc8+ Kf7 37. Bxd6 Rxb2 38. Rxc5 Ke6 39. Bg3
Bd4 40. Rc6+ Ke7 41. Rc1 Nc3 42. Re1+ Ne2+ 43. Kh1 Kf7 44. h3 Nc3 45. f3 Ne2
46. Bd6 h5 47. Ng3 Bf2 48. Rxe2 Rb1+ 49. Nf1 Rxf1+ 50. Kh2 h4 51. g3 hxg3+ 52.
Bxg3 Bxg3+ 53. Kxg3 Rg1+ 54. Rg2 Rh1 55. Kg4 Kf6 56. h4 Kg6 57. Rg3 Rh2 58. Rg1
Ra2 59. Rd1 Ra5 60. Rd6+ Kg7 61. f4 Rb5 62. h5 Ra5 63. Rg6+ Kh7 64. f5 Ra1 65.
Kg5 Rg1+ 66. Kf6 Rf1 67. Rg2 Ra1 68. Re2 Ra6+ 69. Kf7 Ra8 70. f6 Ra6 71. Ke7
Ra7+ 72. Kf8 Kh8 73. Re8 Kh7 74. Rd8 Kh8 75. f7 1-0

[Event "GBR-ch71"]
[Site "Brighton"]
[Date "1984.08.06"]
[Round "7"]
[White "Martin, Andrew D"]
[Black "Chandler, Murray G"]
[Result "1/2-1/2"]
[WhiteElo "2445"]
[BlackElo "2540"]
[PlyCount "46"]
[EventDate "1984.07.30"]
[EventType "swiss"]
[EventRounds "11"]
[EventCountry "GBR"]
[SourceTitle "BritBase"]
[Source "John Saunders"]
[SourceDate "2020.09.07"]
[SourceVersion "1"]
[SourceVersionDate "2020.09.07"]
[SourceQuality "2"]

1. Nf3 Nf6 2. b3 g6 3. g3 Bg7 4. Bb2 O-O 5. Bg2 d6 6. d4 Nc6 7. O-O e5 8. dxe5
Ng4 9. c4 dxe5 10. Nfd2 f5 11. h3 Nh6 12. Nc3 e4 13. Qc1 Be6 14. Rd1 Qg5 15.
Nf1 Nf7 16. Ne3 Nd4 17. Rd2 c6 18. Nxe4 Nxe2+ 19. Rxe2 fxe4 20. Bxg7 Kxg7 21.
Qb2+ Kg8 22. Ng4 Bxg4 23. hxg4 Rae8 1/2-1/2

[Event "GBR-ch71"]
[Site "Brighton"]
[Date "1984.08.06"]
[Round "7"]
[White "Mithrakanth, Poorna Sharma"]
[Black "Granat, Russell"]
[Result "0-1"]
[WhiteElo "2365"]
[BlackElo "2265"]
[PlyCount "52"]
[EventDate "1984.07.30"]
[EventType "swiss"]
[EventRounds "11"]
[EventCountry "GBR"]
[SourceTitle "BritBase"]
[Source "John Saunders"]
[SourceDate "2020.09.07"]
[SourceVersion "1"]
[SourceVersionDate "2020.09.07"]
[SourceQuality "2"]

1. e4 Nc6 2. d4 e5 3. d5 Nce7 4. c4 Ng6 5. Be3 Bb4+ 6. Nd2 Nf6 7. f3 Qe7 8. Ne2
O-O 9. g3 a5 10. Bg2 Bc5 11. Qb3 a4 12. Qd3 c6 13. O-O b5 14. Rfc1 Bxe3+ 15.
Qxe3 bxc4 16. dxc6 d5 17. exd5 Nxd5 18. Qf2 Nb4 19. Rxc4 Ba6 20. Rc3 Rac8 21.
a3 Nxc6 22. Rac1 Bxe2 23. Rxc6 Rxc6 24. Rxc6 Qd7 25. Rc2 Qd3 26. Qc5 Bd1 0-1

[Event "GBR-ch71"]
[Site "Brighton"]
[Date "1984.08.06"]
[Round "7"]
[White "Morrison, Graham"]
[Black "Hasan, Younus"]
[Result "1-0"]
[WhiteElo "2335"]
[BlackElo "2290"]
[PlyCount "95"]
[EventDate "1984.07.30"]
[EventType "swiss"]
[EventRounds "11"]
[EventCountry "GBR"]
[SourceTitle "BritBase"]
[Source "John Saunders"]
[SourceDate "2020.09.07"]
[SourceVersion "1"]
[SourceVersionDate "2020.09.07"]
[SourceQuality "2"]

1. d4 Nf6 2. c4 e6 3. Nf3 Bb4+ 4. Bd2 Qe7 5. g3 Nc6 6. Nc3 Bxc3 7. Bxc3 Ne4 8.
Qc2 Nxc3 9. Qxc3 Qb4 10. Rc1 Qxc3+ 11. Rxc3 d6 12. Bg2 e5 13. dxe5 dxe5 14.
Nxe5 Nxe5 15. Re3 Be6 16. Rxe5 O-O-O 17. b3 Rd6 18. Be4 Rhd8 19. Bd3 Ra6 20. a4
Rb6 21. Rb5 Rxb5 22. axb5 h6 23. f4 Rd6 24. Kf2 c6 25. bxc6 Rxc6 26. Ra1 a6 27.
e4 Rb6 28. Bc2 Kc7 29. Ke3 f6 30. f5 Bf7 31. Ra5 Rd6 32. e5 fxe5 33. Rxe5 Kd8
34. c5 Rf6 35. b4 Be8 36. g4 a5 37. bxa5 Ra6 38. Be4 Bc6 39. Bxc6 bxc6 40. Re6
Rxa5 41. Rxc6 Ke8 42. Re6+ Kf7 43. Kd4 Ra4+ 44. Kd5 Rxg4 45. c6 Rg2 46. c7 Rd2+
47. Kc6 Rc2+ 48. Kd7 1-0